Eventi storici per anno - Statistics

Statistiche generali
  • Questo quiz è stato fatto 165 volte
  • Il punteggio medio è 19 su 36
Statistiche sulle risposte
Evento Anno % Corretto
Nascita di Gesù 0
98%
Morte di Gesù 33
98%
Scoperta dell'America 1492
88%
Sbarco in Normandia 1944
88%
Bombardamento atomico di Hiroshima 1945
88%
Invasione della Polonia 1939
86%
Attentati dell'11 settembre 2001
85%
Invasione russa dell'Ucraina 2022
85%
Marcia su Roma 1922
84%
Crollo del muro di Berlino 1989
82%
Rivoluzione francese 1789
81%
Battaglia di Stalingrado 1943
81%
Assassinio di Kennedy 1963
80%
Sbarco sulla Luna 1969
80%
Incoronazione di Carlo Magno 800
72%
Caduta dell'Impero Romano d'Occidente 476
71%
Congresso di Vienna 1815
63%
Indipendenza degli Stati Uniti 1776
58%
Battaglia di Verdun 1916
55%
Editto di Milano 313
44%
Caduta di Costantinopoli 1453
42%
Guerra franco-prussiana 1870
34%
Primavera dei popoli 1848
32%
Battaglia di Hastings 1066
28%
Primo giubileo universale 1300
27%
Magna Charta Libertatum 1215
26%
Riforma protestante 1521
22%
Prima crociata 1099
20%
Concilio di Nicea 325
20%
Sacco di Roma 410
20%
Concilio di Trento 1545
18%
Pace di Vestfalia 1648
18%
Scisma d'Oriente 1054
15%
Battaglia di Poitiers 732
14%
Defenestrazione di Praga 1618
12%
Scissione dell'Impero Romano 395
12%
Nessun quiz corrispondente trovato
Distribuzione punteggi
Percentuale di utenti per punteggio
Percentile per numero di risposta
I tuoi punteggi nel tempo
Non hai fatto questo quiz